Movies Quiz

Random Movies or Star Wars Quiz

Anything But Star Wars Quiz Stats

 Plays Quiz Updated Dec 17, 2015

Challenge
Share
Tweet
Embed
Score 0/100 Timer 02:00
11 Plays Today
% Correct
???
40.8%
???
40.2%
???
39.9%
???
39.6%
???
39.4%
???
39.4%
???
39.3%
???
39.3%
???
39.2%
???
39.1%
???
39%
???
38.9%
???
38.9%
???
38.7%
???
38.4%
???
37.9%
???
37.8%
???
37.1%
???
36.7%
???
36.5%
???
36.5%
???
36.5%
???
36.5%
???
36.5%
???
36.3%
???
36.2%
???
36.1%
???
36.1%
???
36%
???
36%
???
35.6%
???
35.4%
???
35.4%
???
35.3%
% Correct
???
35.3%
???
35.1%
???
35%
???
34.9%
???
34.9%
???
34.7%
???
34.6%
???
34.4%
???
34%
???
33.8%
???
33.6%
???
33.5%
???
33.4%
???
33%
???
32.9%
???
32.8%
???
32%
???
31.9%
???
31.6%
???
31.5%
???
31.1%
???
31.1%
???
31%
???
30.8%
???
30.3%
???
29.8%
???
29.5%
???
29.4%
???
29.4%
???
29.2%
???
28.9%
???
28.9%
???
28.8%
???
28.6%
% Correct
???
28.5%
???
28.4%
???
28.3%
???
27.7%
???
27.7%
???
27.6%
???
27.6%
???
27.6%
???
27.5%
???
26.6%
???
26.2%
???
26.2%
???
26%
???
25.6%
???
24.7%
???
24.4%
???
24.3%
???
23.8%
???
23.8%
???
23.8%
???
22.4%
???
22.4%
???
22.4%
???
22.1%
???
21.8%
???
21.7%
???
21.3%
???
21%
???
20.9%
???
20.5%
???
20.4%
???
17.9%

You're not logged in!

Compare scores with friends on all Sporcle quizzes.
OR
Log In

You Might Also Like...

Show Comments

Extras

Top Quizzes Today


Score Distribution

Your Account Isn't Verified!

In order to create a playlist on Sporcle, you need to verify the email address you used during registration. Go to your Sporcle Settings to finish the process.

Report this User

Report this user for behavior that violates our Community Guidelines.

Details: